00526 2200205 4500001002100000005001500021035002000036007000300056008004100059020001800100082001000118084001700128100001500145245004700160260004000207300003000247650001700277504001600294990001000310INLIS00000000000191820250127094239 a0010-0125000164ta250127 g 1 ind  a979-28-1943-4 aF/813 aF/813 RIA j0 aRiana Wati1 aJaka Tingkir :bJaka Tingkir /cRiana Wati aKlaten :bPT. Intan Pariwara,c2015 a84 hlm :bilus ;c24,5 cm 4aJaka Tingkir aBibliografi a03647